Finančné aktíva a pasíva slovenských domácností
Aj keď je Slovensko pomerne otvorená ekonomika, vnútorné prepojenie domácností a domáceho finančného sektora patrí medzi najvýraznejšie v eurozóne. Finančné záväzky domácností (rôzne typy úverov a pôžičiek) sa radia medzi najdôležitejšie aktivity domácich bánk a finančné aktíva domácností (vklady v...
Gespeichert in:
| 1. Verfasser: | |
|---|---|
| Format: | Buchkapitel |
| Sprache: | Slowakisch |
| Schlagworte: | |
| Tags: |
Keine Tags, Fügen Sie das erste Tag hinzu!
|
MARC
| LEADER | 00000naa a2200000 4500 | ||
|---|---|---|---|
| 001 | 0148806 | ||
| 005 | 20231116091515.1 | ||
| 041 | 0 | |a slo | |
| 044 | |a SK | ||
| 245 | 1 | 0 | |a Finančné aktíva a pasíva slovenských domácností |c Štefan Rychtárik |
| 520 | |a Aj keď je Slovensko pomerne otvorená ekonomika, vnútorné prepojenie domácností a domáceho finančného sektora patrí medzi najvýraznejšie v eurozóne. Finančné záväzky domácností (rôzne typy úverov a pôžičiek) sa radia medzi najdôležitejšie aktivity domácich bánk a finančné aktíva domácností (vklady v bankách, životné poistky, investície v podielových fondoch alebo dôchodkové účty) tvoria základ pasív finančného sektora. Tak ako banky negatívne pocítia každé zhoršenie finančnej pozície domácností, tak aj bezpečnosť a zhodnotenie úspor domácností sú do veľkej miery závislé od fungovania domáceho finančného sektora. | ||
| 610 | 2 | 0 | |a aktíva |
| 610 | 2 | 0 | |a úver |
| 610 | 2 | 0 | |a úspory obyvateľstva |
| 610 | 2 | 0 | |a domácnosti |
| 610 | 2 | 0 | |a zadlženosť vnútorná |
| 610 | 2 | 0 | |a sadzby úrokové |
| 100 | 1 | |a Rychtárik, Štefan | |